000 00688nam a2200193Ia 4500
008 151121s9999||||xx |||||||||||||| ||und||
082 _a817/गाडगी
082 _bHNW-69411
100 _aगाडगीळ गंगाधर
245 _aलंब्याचवडंाा गोष्टी
260 _b"मधुराज प्रकाशन, पुणे।"
260 _c--
300 _a115
600 _aगाडगीळ गंगाधर
630 _aलंब्याचवडंाा गोष्टी
700 _aगाडगीळ गंगाधर
730 _aलंब्याचवडंाा गोष्टी
942 _cBOOK
999 _c1250898
_d1250895